000 00386nam a2200133Ia 4500
003 GCL
008 140319s9999 xx 000 0 ara d
040 _aGCL /
_cGCL
082 0 4 _a330.12
_bف ت
245 1 0 _aالتنمية الاقتصادية فى الاسلام الطبعة الاولى
260 _a[S.N] :
_bالاندلس للاعلام ،
_c1987
300 _a175 ص
490 _a
999 _c54549
_d54549